T.B,OF PRACTICAL PHYSIOLOGY VOL-2 (Record no. 1204680)

MARC details
000 -LEADER
fixed length control field 00468nam a2200181Ia 4500
008 - FIXED-LENGTH DATA ELEMENTS--GENERAL INFORMATION
fixed length control field 240830s2021 xx 000 0 und d
041 ## - LANGUAGE CODE
Language code of text/sound track or separate title eng
082 ## - DEWEY DECIMAL CLASSIFICATION NUMBER
Classification number 612/SEM
100 ## - MAIN ENTRY--PERSONAL NAME
Personal name DR.S.K.JAIN
245 ## - TITLE STATEMENT
Title T.B,OF PRACTICAL PHYSIOLOGY VOL-2
250 ## - EDITION STATEMENT
Edition statement 9 TH
260 ## - PUBLICATION, DISTRIBUTION, ETC.
Place of publication, distribution, etc. SIRMOUR
Name of publisher, distributor, etc. AVICHAL PUBLISHING CO , SIRMOUR (HP)
Date of publication, distribution, etc. 2021
300 ## - PHYSICAL DESCRIPTION
Extent 560p
440 ## - SERIES STATEMENT/ADDED ENTRY--TITLE
Volume/sequential designation II
650 ## - SUBJECT ADDED ENTRY--TOPICAL TERM
Topical term or geographic name entry element PHYSIOLOGY.
906 ## - LOCAL DATA ELEMENT F, LDF (RLIN)
a T.B,OF PRACTICAL PHYSIOLOGY VOL-1

No items available.